000 00590nam a2200181Ia 4500
003 GCL
008 140319s9999 xx 000 0 ara d
040 _aGCL /
_cGCL
082 0 4 _a811.4
_bم د
100 1 _aمحمود كامل فريد
245 1 0 _aديوان ابو نواس: تاريخه- رأى الشعراء فيه نوادره- شعره /
_cمحمود كامل فريد
490 _a
650 0 4 _aالشعر العربى
650 0 4 _aالادب العربى
650 0 4 _aدواوين وقصائد
650 0 4 _aابونواس، الحسن بن هانى
942 _2ddc
_cBK
999 _c38405
_d38405